01977nam a2200469 i 450000100060000000300080000600500170001400600190003100700150005000800410006502000280010602000180013403500220015204000310017404300120020505000210021708000120023808000150025008200170026524501480028226400400043030000580047033600290052833700330055733800390059049000420062950400730067158800830074459001620082765000520098965000510104165000560109265000530114865100440120165100460124565500270129170000480131879700180136683000430138485600630142799900170149066941FINmELB20241217142751.0m o u cr cn|||||||||190916s2011 sp a ob 001 0 spa d a9788499403281q(e-book) z9788499402116 a(OCoLC)1126310892 aFINmELBbspaerdacFINmELB ae-sp--- 4aHN583bS678 2011 a94(460) a316.4(460)0 a306.094622303aLa sociedad española en la Transición :blos movimientos sociales en el proceso democratizador /cRafael Quirosa-Cheyrouze y Muñoz (ed.). 1aMadrid :bBiblioteca Nueva,c[2011] a1 recurso en línea (429 páginas) :bilustraciones atextobtxt2rdamedia/spa acomputadorabc2rdamedia/spa arecurso en línea2rdacarrier/spa1 aColección Historia Biblioteca Nueva aIncluye referencias bibliográficas (páginas 411-418) e índice. aDescripción basada en metadatos suministrados por el editor y otras fuentes. aRecurso electrónico. Santa Fe, Arg.: elibro, 2020. Disponible vía World Wide Web. El acceso puede estar limitado para las bibliotecas afiliadas a elibro. 0aSocial movementszSpainxHistoryy20th century. 0aDemocratizationzSpainxHistoryy20th century. 4aMovimientos socialeszEspañaxHistoriaySiglo XX. 4aDemocratizaciónzEspañaxHistoriaySiglo XX. 0aSpainxSocial conditionsy20th century. 4aEspañaxCondiciones socialesySiglo XX. 4aLibros electrónicos.1 aQuirosa-Cheyrouze y Muñoz, Rafael,d1962-2 aelibro, Corp. 0aColección Historia Biblioteca Nueva.40uhttps://elibro.net/ereader/politecnicointernacional/111563 c66941d66941